| 000 | 00351nam a22001457a 4500 | ||
|---|---|---|---|
| 020 | _a1-5000-210499 | ||
| 082 |
_a894.812.3 _bSUK/K |
||
| 100 | _aPUTHENVELIKARA SUKUMARAN | ||
| 245 | _aKURUKANTE SNEHAM | ||
| 250 | _aFIRST | ||
| 260 |
_aTHRISSUR _bH & C PUBLISHING HOUSE _c1999 |
||
| 300 | _a56 | ||
| 650 |
_aMALAYALAM SHORT STORY _zKERALA |
||
| 942 | _cBK | ||
| 999 |
_c1103 _d1103 |
||